00676nam a2200229Ia 4500003000900000008004100009040001300050040001300063041000800076100002000084245002100104250002200125260002100147260000900168300001100177300001000188490001600198490000800214942000700222999001700229952020000246IT-RoPAU120407s9999 xx 000 0 und d aIT-RoPAU cIT-RoPAU aita aPrimo Mazzolari aTu non uccidere. aCinisello Balsamo aEdizioni Paoline c1991 a107 p. c20 cm aPunti caldi v112 cBK c24225d24225 00102ddc406308_23120000000000071aPAULUSbPAULUSd2012-04-11l0o308.2312r2012-04-11 00:00:00w2012-04-11yBKzInserito da: Jole In data: 12 settembre 2011 fondo: Via A.Severo 56 Progr:35680